Маугли (Запись № 9736397)

Подробности
000 -МАРКЕР
контрольное поле 01445nam0a2200361 4500
001 - ИДЕНТИФИКАТОР ЗАПИСИ
контрольное поле RU\NLR\BIBL_A\010704560
005 - ИДЕНТИФИКАТОР ВЕРСИИ
контрольное поле 20260406152539.0
010 ## - МЕЖДУНАРОДНЫЙ СТАНДАРТНЫЙ НОМЕР КНИГИ (ISBN)
Номер (ISBN) 978-5-00034-098-1
Уточнения в пер.
Тираж 4000
021 ## - НОМЕР ГОСУДАРСТВЕННОЙ РЕГИСТРАЦИИ
Код страны Российская Федерация
Номер 2015-7049
Номер Листа государственной регистраци 441
035 ## - ДРУГИЕ СИСТЕМНЫЕ НОМЕРА
Идентификатор записи (NILC)RuMoRGB-007875613
035 ## - ДРУГИЕ СИСТЕМНЫЕ НОМЕРА
Идентификатор записи (NLR Aleph) 010704560
100 ## - ДАННЫЕ ОБЩЕЙ ОБРАБОТКИ
Данные общей обработки 20150320d2014 |||y0rusy50 ca
101 1# - ЯЗЫК РЕСУРСА
Язык текста, звукозаписи и т.д. русский
Язык оригинала английский
102 ## - СТРАНА ПУБЛИКАЦИИ ИЛИ ПРОИЗВОДСТВА
Страна публикации Российская Федерация
105 ## - ПОЛЕ КОДИРОВАННЫХ ДАННЫХ: ТЕКСТОВЫЕ МАТЕРИАЛЫ, МОНОГРАФИЧЕСКИЕ
Кодированные данные о монографическом текстовом документе a|||z||||||a|
200 1# - ЗАГЛАВИЕ И СВЕДЕНИЯ ОБ ОТВЕТСТВЕННОСТИ
Основное заглавие Маугли
Сведения, относящиеся к заглавию [для детей среднего школьного возраста]
Первые сведения об ответственности Редьярд Киплинг
Последующие сведения об ответственности [пер. с англ. Л. Очаповского]
-- худож. А. Шахгелдян
210 ## - ПУБЛИКАЦИЯ, РАСПРОСТРАНЕНИЕ И ДР.
Место издания, распространения и т.д. Москва
Имя издателя, распространителя и т. д. Мир Искателя
Дата издания, распространения и т.д. 2014
215 ## - ФИЗИЧЕСКАЯ ХАРАКТЕРИСТИКА
Специфическое обозначение материала и объем 174, [1] с., [6] л. цв. ил.
Другие сведения о физической характеристике ил.
Размеры 22
225 1# - СЕРИЯ
Основное заглавие серии Школьная библиотека
300 ## - ОБЩИЕ ПРИМЕЧАНИЯ
Текст примечания Печатается без сокращений
333 ## - ПРИМЕЧАНИЯ ОБ ОСОБЕННОСТЯХ РАСПРОСТРАНЕНИЯ И ИСПОЛЬЗОВАНИЯ
Текст примечания 12+
675 ## - УНИВЕРСАЛЬНАЯ ДЕСЯТИЧНАЯ КЛАССИФИКАЦИЯ (UDC/УДК)
Индекс 821.111-93
686 0# - ИНДЕКСЫ ДРУГИХ КЛАССИФИКАЦИЙ
Индекс Ш9(4Вл)62-4
700 #1 - ИМЯ ЛИЦА - ПЕРВИЧНАЯ ОТВЕТСТВЕННОСТЬ
Графика поля Кириллица
Материалы, к которым относится поле rus
Начальный элемент ввода Киплинг
Часть имени, кроме начального элемента ввода Р.
Даты 1865-1936
Расширение инициалов личного имени Редьярд
Системный номер авторитетной/нормативной записи 115925
Идентификатор авторитетной/нормативной записи RU\NLR\AUTH\775969
702 #1 - ИМЯ ЛИЦА - ВТОРИЧНАЯ ОТВЕТСТВЕННОСТЬ
Код отношения Карикатурист, Художник
Графика поля Кириллица
Материалы, к которым относится поле rus
Начальный элемент ввода Шахгелдян
Часть имени, кроме начального элемента ввода А. А.
Дополнения к именам, кроме дат художник
Даты 1958-2008
Расширение инициалов личного имени Александр Араратович
Системный номер авторитетной/нормативной записи 35445
Идентификатор авторитетной/нормативной записи RU\NLR\AUTH\7752512
801 #0 - ИСТОЧНИК ЗАПИСИ
Страна Российская Федерация
Организация RuMoRKP
Дата составления 20090318
Правила каталогизации RCR
801 #2 - ИСТОЧНИК ЗАПИСИ
Страна Российская Федерация
Организация РГБ
Дата составления 20150225
Правила каталогизации rcr
942 ## - ДОПОЛНИТЕЛЬНЫЕ ЭЛЕМЕНТЫ ЗАПИСИ (АБИС)
Тип экземпляра АБИС Книга
980 ## - КОЛЛЕКЦИЯ
Название коллекции Национальная библиография
Экземпляры
Тип экземпляра Дата поступления Источник поступления Библиотека постоянного хранения Библиотека текущего хранения Место хранения Шифр хранения Штрих-код Статус экземпляра Стоимость Нумерация / хронология для периодики
Книга 20.03.2015 Обязательный экземпляр РНБ (Московский) РНБ (Московский) Русский книжный фонд: издания с 1957 года 2015-5/2392 1-883309      
Книга 20.03.2015 Обязательный экземпляр РНБ (Московский) РНБ (Московский) Обменный фонд   1-883308   80.00 2015